000 00524nam a22001937a 4500
003 OSt
005 20140310182200.0
008 130902t xxu||||| |||| 00| 0 eng d
020 _a1856480186
050 _aTX 763
_b.L712 1988
082 _aHS 641.7
_bLi61 1988
100 _aLiddell, Caroline
_916224
245 _aThe new baking /
_cCaroline Lidell
260 _aLeicester, UK :
_bBloomsbury Publishing,
_cc1988.
300 _a192 p. :
_c26 cm.
650 _aBaking
_916225
942 _2lcc
_cHS
999 _c10200
_d10200